Statistiques concernant Dans quel pays se déroulent ces films Disney ? Carte Quiz

Cliquez ici pour prendre le quiz!

Statistiques générales

  • Ce quiz a été pris 608 fois
  • Le résultat moyen est 10 sur 16

Réponses sur la Carte

Les réponses sont colorées sur une échelle allant du rouge au vert en fonction du pourcentage des utilisateurs qui les ont devinées à leur premier essai. Vous pouvez retrouver ces pourcentages ci-dessous.
 

Statistiques - réponses

Réponse% Correct
Mulan
78%
La Reine des Neiges
77%
Bernard et Bianca au Pays des Kangourous
75%
Hercule
73%
Coco
71%
Pinocchio
71%
Les Aristochats
69%
Aladdin
63%
Le Roi Lion
57%
Encanto : La Fantastique Famille Madrigal
56%
Kuzco, l'empereur mégalo
55%
Peter-Pan
52%
Oliver & Compagnie
50%
Le Livre de la Jungle
47%
Tarzan
40%
Atlantide, l’empire perdu
26%

Distribution des résultats

Percentile par nombre de réponses

% des personnes avec chaque résultat

Votre développement - résultats

Vous n’avez pas pris ce quiz